India--Pakistan border : Kashmir area.

Bibliographic Details
Corporate Author: United States. Central Intelligence Agency
Format: Government Document Map
Language:English
Published: [Washington, D.C.?] : [Central Intelligence Agency], [1988]
Subjects:

MARC

Tag First Indicator Second Indicator Subfields
LEADER 00000cem a2200000Ia 4500
001 in00002477310
005 20151110093242.0
007 aj canzn
008 890418s1988 dcub a f 0 eng d
034 1 |a a  |b 3000000  |d E0740000  |e E0780000  |f N0360000  |g N0320000 
035 |a (OCoLC)ocm19564651 
035 |a (OCoLC)19564651 
040 |a GPO  |c GPO  |d SPI  |d OCL  |d OCLCQ  |d TXA  |d UtOrBLW 
043 |a a-ii---  |a a-pk--- 
049 |a TXAM 
050 4 |a G7651.F2 1988  |b .U5 
052 |a 7653  |b J3 
052 |a 7643  |b A9 
052 |a 7641 
052 |a 7651 
074 |a 856-A-1 
086 0 |a PrEx 3.10/4:In 2/17 
110 1 |a United States.  |b Central Intelligence Agency. 
245 1 0 |a India--Pakistan border :  |b Kashmir area. 
255 |a Scale 1:3,000,000  |c (E 74⁰--E 78⁰/N 36⁰--N 32⁰). 
264 1 |a [Washington, D.C.?] :  |b [Central Intelligence Agency],  |c [1988] 
300 |a 1 map :  |b color ;  |c 21 x 17 cm. 
336 |a cartographic image  |b cri  |2 rdacontent 
337 |a unmediated  |b n  |2 rdamedia 
338 |a sheet  |b nb  |2 rdacarrier 
500 |a Relief shown by shading. 
500 |a Shipping list number: 89-209-P. 
500 |a "800919 (A06010) 9-88." 
500 |a Cartographic material. 
651 0 |a Jammu and Kashmir (India)  |v Maps. 
651 0 |a Azad Kashmir (Pakistan)  |v Maps. 
651 0 |a India  |x Boundaries  |z Pakistan  |v Maps. 
651 0 |a Pakistan  |x Boundaries  |z India  |v Maps. 
948 |a cataloged  |b h  |c 2009/4/13  |d c  |e jgreene  |f 4:39:49 pm 
994 |a C0  |b TXA 
999 |a MARS 
999 f f |s 93b992c4-0a71-38d9-9e47-a99b437ab734  |i 31e349b7-7f4f-3e83-8967-e44f87566726  |t 0 
952 f f |p normal  |a Texas A&M University  |b College Station  |c Sterling C. Evans Library  |d Evans: Maps (2nd floor)  |t 0  |e G7651.F2 1988 .U5  |h Library of Congress classification  |i unmediated -- sheet  |m A14837598447 
998 f f |a G7651.F2 1988 .U5  |t 0  |l Evans: Maps (2nd floor)